logo

Bir Sreshtho Munshi Abdur Rouf Library
Jhenaidah Cadet College

হযরত ওয়ায়েস করণী / (Record no. 3651)

MARC details
000 -LEADER
fixed length control field 00650nam a2200205 a 4500
001 - CONTROL NUMBER
JCCL Control Number 3651
003 - CONTROL NUMBER IDENTIFIER
JCCL marc code BD-JhCC
005 - DATE AND TIME OF LATEST TRANSACTION
control field 20171115193321.0
008 - FIXED-LENGTH DATA ELEMENTS--GENERAL INFORMATION
fixed length control field 171115s1986 b ||||| |||| 00| 0 be d
035 ## - SYSTEM CONTROL NUMBER
system control number (BD-JhCC)
040 ## - CATALOGING SOURCE
Original cataloging agency BD-JhCC
Modifying agency BD-JhCC
041 ## - LANGUAGE CODE
Language code of Book ben
082 ## - DEWEY DECIMAL CLASSIFICATION NUMBER
Classification number 297.18
Author mark and Year KHA 1986
100 ## - MAIN ENTRY--PERSONAL NAME
Personal name খান, ইসলাম, কামরুল
245 ## - TITLE STATEMENT
Title হযরত ওয়ায়েস করণী /
Statement of responsibility, etc কামরুল ইসলাম খান
260 ## - PUBLICATION, DISTRIBUTION, ETC. (IMPRINT)
Place of publication, distribution, etc ঢাকা :
Name of publisher, distributor, etc ইসলামিক ফাউণ্ডেশন,
Date of publication, distribution, etc ১৯৮৬
300 ## - PHYSICAL DESCRIPTION
Pagination 20 p. :
Dimensions 20cm.
650 ## - SUBJECT ADDED ENTRY--TOPICAL TERM
Topical term or geographic name as entry element Hazral wayes Karam
942 ## - ADDED ENTRY ELEMENTS (KOHA)
Source of classification or shelving scheme Dewey Decimal Classification
Koha item type Books
Holdings
Source of classification or shelving scheme Damaged status Not for loan Home library Current library Shelving location Date of accession Cost, normal purchase price Total Checkouts Full call number Barcode Date last seen Copy number Koha item type
Dewey Decimal Classification     JCC Rouf Library JCC Rouf Library General Stacks 11/15/2017 10.00   297.18 KHA 1986 3985 11/15/2017 C-1 Books

JCC Library | Contacts | JCC Home

Last Update on 23 September 2017
Copyright @ 2017-2020 JCC Rouf Library
Rouf Library, Jhenidah Cadet College (JCC), Bangladesh